Reyes de España por orden cronológico - Estadísticas

Estadísticas generales
  • Esta prueba ha sido intentada 36 veces
  • La puntuación promedio es 20 de 22
Estadísticas de respuestas
Hint Respuesta % Correcto
1556-1598 Felipe II
100%
1598- 1621 Felipe III
100%
1621-1665 Felipe IV
100%
1700-1724 Felipe V
100%
1724-1746 Felipe V
100%
2014-Actualidad Felipe VI
100%
1479-1516 Fernando II
100%
1746-1759 Fernando VI
100%
1808 Fernando VII
100%
1813-1833 Fernando VII
100%
1474- 1504 Isabel I
100%
1833-1868 Isabel II
100%
1975-2014 Juan Carlos I
100%
1516-1556 Carlos I
97%
1665-1700 Carlos II
97%
1759-1788 Carlos III
97%
1788-1808 Carlos IV
97%
1874-1885 Alfonso XII
83%
1504-1555 Juana I
71%
1808-1813 José Bonaparte
66%
1724 Luis I
63%
1870-1873 Amadeo de Saboya
60%
No se encontraron pruebas coincidentes
Distribución de puntuación
Porcentaje de gente con cada puntuación
Porcentaje por número respondido
Historial de tus puntuaciones
No has intentado esta prueba.